000 00298nam a22001337a 4500
008 170421b xxu||||| |||| 00| 0 eng d
020 _a18003239100
041 _aeng
080 _a573
100 _a11
101 _aSHM
245 _aTHE MORPHOLOGY OF HUMAN BLOOD CELLS
_cDIGGS
942 _2udc
_cBK
999 _c11505
_d11505